| 000 | 00690cam a2200253 4500 | ||
|---|---|---|---|
| 001 | J106143 | ||
| 008 | 000000n2000 000 0 eng u | ||
| 035 | _a(Sirsi) u106143 | ||
| 050 | _a711.554 | ||
| 110 |
_aRoyal Town Planning Institute _91206 |
||
| 245 | 2 | _aA good practice guide to integrated rural strategies. | |
| 260 |
_aLondon _bRTPI _c2000 |
||
| 300 | _a64p. ; 30cm. | ||
| 350 | _a17.50 | ||
| 520 | _aSponsored by English Nature and the Countryside Agency. | ||
| 650 |
_aRural _96268 |
||
| 650 | _aCOUNTRYSIDE | ||
| 650 |
_aEnvironment _96238 |
||
| 650 | _aRURAL VILLAGES | ||
| 650 | _aRURAL TRANSPORT | ||
| 650 | _aPLANNING | ||
| 690 |
_aRURAL _96268 |
||
| 942 | _n0 | ||
| 999 |
_c100526 _d100526 |
||